| 000 -ლიდერი |
| ფიქსირებული სიგრძის საკონტროლო ველი |
04181nam a22002537a 4500 |
| 003 - საკონტროლო ნომრის იდენტიფიკატორი |
| საკონტროლო ველი |
Ge_BSU |
| 005 - ბოლო ოპერაციის თარიღი და დრო |
| საკონტროლო ველი |
20230327120706.0 |
| 008 - ფიქსირებული სიგრძის მონაცემთა ელემენტები - ზოგადი ინფორმაცია |
| ფიქსირებული სიგრძის საკონტროლო ველი |
230327s2022 ge ||||| |||| 00| 0 geo d |
| 020 ## - წიგნის საერთაშორისო სტანდარტული ნომერი |
| International Standard Book Number |
9789941491955 |
| 041 ## - ენის კოდი |
| Language code of text/sound track or separate title |
geo |
| 080 ## - უნივერსალური ათობითი კლასიფიკაციის ინდექსი |
| Universal Decimal Classification number |
94(47):001(479.22) ს-13 |
| 245 ## - ცნობა სათაურის შესახებ |
| Title |
საბჭოთა სახელმწიფოს ზღვარგადასული ინტერვენცია ქართულ იურიდიულ მეცნიერებაში და ბრძოლა ევროპაში განსწავლული მეცნიერ იურისტების წინააღმდეგ საბჭოთა საქართველოს ინტერიერში: |
| Remainder of title |
საარქივო დოკუმენტები და მასალები / |
| Statement of responsibility, etc |
გამოსაცემად მოამზადეს, შესავალი წერილი და კომენტარები დაურთეს მარინა გარიშვილმა და თორნიკე ნემსწვერიძემ ;სამეცნიერო რედაქტორები: მარინა გარიშვილი, თორნიკე ნემსწვერიძე; სარედაქციო კოლეგია: გიორგი დავითაშვილი, ნანა ჭიღლაძე, ირაკლი ბურდული, გოჩა ფერაძე; წინასიტყვაობა: თამარ ზარანდია, ნანა ჭიღლაძე, გოჩა ფერაძე; გარეკანის დიზაინერი მარიამ ებრალიძე; ივანე ჯავახიშვილის სახ. თბილისის სახელმწ. უნივერსიტეტის იურიდიული ფაკულტეტი, იროდიონ სურგულაძის სამართლის ინსტიტუტი, თსუ-ის იურიდული ფაკულტეტის ძველი ქართული სამართლის, რომანისტიკისა (რომის კერძო სამართლის) და სამართლის ისტორიის სამეცნიერო-კვლევითი ინსტიტუტი, თსუ-ის იურიდიული ფაკულტეტის საარჩევნო სისტემებისა და წარმომადგენლობითი დემოკრატიის სამეცნიერო-კვლევითი ინსტიტუტი. |
| 264 ## - წარმოების, გამოცემის, დისტრიბუციის და სხვა ცნობები |
| გამოცემის, წარმოების, დისტრიბუციის... ადგილი |
თბილისი : |
| გამოცემის, წარმოების, დისტრიბუციის... სახელწოდება |
თბილისის უნივერსიტეტის გამომცემლობა, |
| გამოცემის, წარმოების, დისტრიბუციის... თარიღი |
2022. |
| 300 ## - ფიზიკური აღწერა |
| Extent |
560 გვ. ; |
| Other physical details |
24 სმ. |
| 504 ## - BIBLIOGRAPHY, ETC. NOTE |
| Bibliography, etc |
ბიბლიოგრაფია ტექსტის შენიშვნებში. |
| 653 ## - INDEX TERM--UNCONTROLLED |
| Uncontrolled term |
ისტორია |
| 700 ## - ADDED ENTRY--PERSONAL NAME |
| Personal name |
გარიშვილი, მარინა |
| Relator term |
ავტორი |
| 9 (RLIN) |
17275 |
| 700 ## - ADDED ENTRY--PERSONAL NAME |
| Personal name |
ნემსწვერიძე, თორნიკე |
| Relator term |
ავტორი |
| 9 (RLIN) |
9328 |
| 700 ## - ADDED ENTRY--PERSONAL NAME |
| Personal name |
გელოვანი, ანდრო და სხვ. |
| Relator term |
ავტორი |
| 9 (RLIN) |
17276 |
| 710 ## - ADDED ENTRY--CORPORATE NAME |
| Corporate name or jurisdiction name as entry element |
ივანე ჯავახიშვილის სახ. თბილისის უნივერსიტეტი |
| 9 (RLIN) |
17277 |
| 710 ## - ADDED ENTRY--CORPORATE NAME |
| Corporate name or jurisdiction name as entry element |
იურიდიული ფაკულტეტი. იროდიონ სურგულაძის სამართლის ინსტიტუტი. |
| 9 (RLIN) |
17278 |
| 710 ## - ADDED ENTRY--CORPORATE NAME |
| Corporate name or jurisdiction name as entry element |
თსუ. იურიდული ფაკულტეტი. ძველი ქართული სამართლის, რომანისტიკისა (რომის კერძო სამართლის) და სამართლის ისტორიის სამეცნიერო-კვლევითი ინსტიტუტი. |
| 9 (RLIN) |
17279 |
| 942 ## - ADDED ENTRY ELEMENTS (KOHA) |
| Source of classification or shelving scheme |
|
| Koha item type |
წიგნი |